000 00395nam a2200157 i 4500
001 25245
003 ES-MaACL
005 20230906153224.0
007 t|
008 021223s1967 sp ||||1| spa d
100 1 _aArana, José.
_922245
245 1 0 _aYo espero /
_cJosé Arana.
260 _aBilbao :
_bMensajero,
_c1967.
300 _a197 p. ;
_c19 cm.
852 _aES-MaACL
_jC-33558
_bR.64391
999 _c25245
_d25245